000 00451nam a22001937a 4500
003 MPLRDC
005 20220104124314.0
008 210129b ||||| |||| 00| 0 eng d
020 _a957-452-173-7
082 _a399.24 FTK
100 _a富田宽
245 _a锌是精力的泉源
_c
250 _a初版
260 _a
_b智慧大学
_c2001
300 _b
490 _a健康家族. 21
650 _a矿物质
942 _cBK
_o399.24 FTK
999 _c18270
_d18260